| 000 | 00498nam a22001937a 4500 | ||
|---|---|---|---|
| 005 | 20251108172355.0 | ||
| 008 | 250721s1980 xx 000 0 eng d | ||
| 082 | 1 | 4 | _a342.4100264/kei |
| 100 | 1 | _akeir, d.l. | |
| 245 | 1 | 0 | _acases in constitutional law / |
| 250 | _a6th ed | ||
| 264 | 1 |
_aoxford : _bclarendon press oxford, _c1980. |
|
| 300 | _a550p. | ||
| 650 | 1 | 7 | _agrt. britain-contitutional law |
| 700 | 1 | _alawson, f.h. | |
| 700 | 1 | _ad.j., bentley | |
| 942 |
_2ddc _cBK |
||
| 999 |
_c77578 _d77578 |
||